000 00341 a2200157 4500
001 59060
020 _a8570563825
040 _cAnchieta - Pituba
100 _aNeves, Margarida de Souza
240 1 0 _aA ordem é o progresso
_lpor
245 1 0 _aA ordem é o progresso
300 _a97
362 0 _a1991
650 4 _aBrasil
942 _cBK
999 _c59060
_d59060